Ładuje się......
Dynamics of business statistics
| 1. autor: | |
|---|---|
| Format: | Printed Book |
| Język: | English |
| Wydane: |
N.Delhi
Essential books
2009
|
| Hasła przedmiotowe: |
| LEADER | 00548nam a22001697a 4500 | ||
|---|---|---|---|
| 003 | OSt | ||
| 008 | 091026t xxu||||| |||| 00| 0 eng d | ||
| 020 | |a 9788183340212 | ||
| 080 | |a 519.22:005 |b SHA | ||
| 100 | |a Sharma, Sandhir |9 6449 | ||
| 245 | |a Dynamics of business statistics | ||
| 260 | |a N.Delhi |b Essential books |c 2009 | ||
| 300 | |a 287p. | ||
| 653 | |a Statistics for management | ||
| 942 | |c BK |6 _ | ||
| 999 | |c 190060 |d 190060 | ||
| 952 | |0 0 |1 0 |4 0 |6 51922005_SHA |7 0 |9 245191 |a SLS |b SLS |d 2009-10-26 |l 4 |o 519.22:005 SHA |p SLS027284 |r 2020-01-06 |s 2020-01-03 |w 2009-10-26 |y BK | ||